| 000 | 00591nam a2200181 i 4500 | ||
|---|---|---|---|
| 001 | 58662 | ||
| 003 | ES-MaACL | ||
| 005 | 20230906163846.0 | ||
| 007 | t| | ||
| 008 | 031023s1963 sp ||||1| spa d | ||
| 100 | 1 |
_aDuru, P. _946333 |
|
| 245 | 1 | 0 |
_aTeoría y práctica de la televisión / _cpor P. Duru ; con un prefacio de M. Leschi ; [traducción por José Mª Fernández Arín]. |
| 260 |
_aMadrid : _bParaninfo, _c1963. |
||
| 300 |
_aXXXII, 607 p. ; _c22 cm. |
||
| 700 | 1 |
_aLeschi, M. _971828 |
|
| 700 | 1 |
_aFernández Arin, José María. _949479 |
|
| 852 |
_aES-MaACL _jF-14685 _bR.53714 |
||
| 999 |
_c58662 _d58662 |
||